| 000 | 02119cam a22005894i 4500 | ||
|---|---|---|---|
| 003 | PE-LiUPU | ||
| 005 | 20250731170450.0 | ||
| 008 | 150706s2007 sp rb 000 0 spa d | ||
| 020 | _a9788434453057 | ||
| 035 | _a(Sirsi) i9788434453057 | ||
| 040 |
_aPE-LiUPU _bspa _cPE-LiUPU _dPE-LiUPU _erda |
||
| 049 | _aPRUA | ||
| 082 | 0 | 4 |
_a153.9 _bM79 _221 |
| 100 | 1 |
_aMorgado, Ignacio, _eautor. |
|
| 245 | 1 | 0 |
_aEmociones e inteligencia social : _bLas claves para una alianza entre los sentimientos y la razón / _cIgnacio Morgado. |
| 264 | 1 |
_aBarcelona : _bAriel, _c2007. |
|
| 300 |
_a178 páginas ; _c24 centímetros |
||
| 336 |
_atext _2rdacontent |
||
| 337 |
_aunmediated _2rdamedia |
||
| 338 |
_avolume _2rdacarrier |
||
| 504 | _aIncluye bibliografía. | ||
| 505 | 0 | _aCómo se forjan las emociones y los sentimientos -- ¿Por qué es tan difícil controlar las emociones? -- ¿Cómo influyen los sentimientos en la razón? -- ¿Cómo influye la razón en los sentimientos? -- La inteligencia emocional y social -- La necesaria educación emocional. | |
| 526 | _aSEG68 | ||
| 526 | _aSEG70 | ||
| 526 | _aSEG69 | ||
| 526 | _aSEG67 | ||
| 526 | _aSEG43 | ||
| 526 | _aP144 | ||
| 526 | _aP143 | ||
| 526 | _aP131 | ||
| 526 | _aP122 | ||
| 526 | _aP120 | ||
| 526 | _aP117 | ||
| 526 | _aP112 | ||
| 526 | _aP110 | ||
| 526 | _aP106 | ||
| 526 | _aP101 | ||
| 526 | _aP80 | ||
| 526 | _aP59 | ||
| 526 | _aP54 | ||
| 526 | _aP35 | ||
| 526 | _aP33 | ||
| 526 | _aP30 | ||
| 541 | _g001-0031615; | ||
| 650 | 0 | 4 | _aInteligencia emocional. |
| 910 |
_bjv _clch _d20100615 |
||
| 942 |
_2ddc _cBOOK |
||
| 949 |
_a153.9 M79 _wDEWEY _c1 _i61794 _d2016-9-8 _e2016-9-5 _lCCODEBUL1 _mBUL _n5 _p41.00 _r0 _sY _tBOOK _u2015-7-6 _xSALUD _PP33 _0COMPRA _o.STAFF. Colección Ciencias de la Salud |
||
| 994 |
_aC0 _bPEPRU |
||
| 596 | _a1 | ||
| 999 |
_a153.9 M79 _wDEWEY _c51003 _i61794 _d51003 _e2018-8-31 _f2021-11-3 _g5 _lCCODEBUL1 _mBUL _n14 _p41.00 _q2 _r0 _sY _tBOOK _u2015-7-6 _xSALUD _zP33 _0COMPRA _o.STAFF. Colección Ciencias de la Salud |
||
| 980 |
_81 _gALBERTO SANCHEZ Responsable de Automatización |
||